| 000 | 00788nam a22002057a 4500 | ||
|---|---|---|---|
| 999 |
_c10546 _d10546 |
||
| 003 | AR-CdUCM | ||
| 008 | 190401b ||||| |||| 00| 0 spa d | ||
| 040 |
_aMUNICIPALIDAD PROVINCIAL DEL CUSCO _cBIBLIOTECA MUNICIPAL DEL CUSCO |
||
| 082 |
_22ed. _a513 / _bSU85 / 1895 |
||
| 100 |
_aSuárez, Manuel Octavio _927481 |
||
| 245 |
_aTratado de Aritmética demostrada : _bpara uso de los colegios de instrucción media / |
||
| 260 |
_aLima : _bJ. Galland, _c1895. |
||
| 300 |
_a179 páginas ; _btablas, _c17 cm. |
||
| 505 | _aContenido: Numeración -- Nociones preliminares --Operaciones aritméticas -- Sustracción -- Multiplicación -- División ... | ||
| 650 |
_aAritmética _919777 |
||
| 650 |
_aTextos escolares _94527 |
||
| 650 |
_aManual _97438 |
||
| 942 |
_2ddc _cLIBROS |
||
| 945 | _aachl | ||